Holiday Quiz

Random Holiday or Halloween Quiz

TV Halloween Scenes Quiz Stats

 Plays Quiz Updated Oct 20, 2017

Challenge
Share
Tweet
Score 0/26 Timer 06:00
14 Plays Today
% Correct
The Simpsons
99.7%
Friends
93.1%
The Big Bang Theory
90.9%
Modern Family
86.1%
Futurama
84.6%
Home Improvement
83.9%
The Office (U.S.)
83.3%
That '70s Show
81.9%
The Cosby Show
79.3%
Happy Days
78.7%
How I Met Your Mother
77.8%
Fresh Prince of Bel-Air
77.8%
Two and a Half Men
76.5%
% Correct
Married... with Children
74.2%
Roseanne
70.8%
Parks and Recreation
69.3%
It's Always Sunny in Philadelphia
69%
Frasier
66.3%
Bob's Burgers
63.8%
Community
61.2%
Cheers
60.3%
Louie
60%
Malcolm in the Middle
58.5%
Brooklyn Nine-Nine
58.3%
Freaks and Geeks
46.3%
Raising Hope
32.8%

You're not logged in!

Compare scores with friends on all Sporcle quizzes.
Join for Free
OR
Log In

You Might Also Like...

Show Comments

Extras

Top Quizzes Today


Score Distribution

Your Account Isn't Verified!

In order to create a playlist on Sporcle, you need to verify the email address you used during registration. Go to your Sporcle Settings to finish the process.

Report this User

Report this user for behavior that violates our Community Guidelines.

Details: